000 00978nam a2200289 a 4500
001 72691
003 BD-RjUL
005 20211209082310.0
008 170522r19551936nyu 001 0 eng d
035 _a(BD-RjUL)72909
040 _aBD-RjUL
_beng
_cBD-RjUL
_dBD-RjUL
041 _aeng
082 _223
_a810.903
_bBRF 1955
100 1 _aBrooks, Van Wyck
_d1886-1963.
_9215025
245 1 4 _aThe flowering of New England /
_cby Van Wyck Brooks.
260 _aNew York ;
_aLondon :
_bJ.M. Dent,
_c1955.
300 _aviii, 563 p. ;
_c19 cm.
490 1 _aEveryman's library ;
_v645A.
_aEssays and belles lettres
500 _aIncludes index
500 _aFirst published, 1936
650 0 _aAmerican literature
_zNew England.
_9215026
650 0 _aAmerican literature
_y19th century
_xHistory and criticism.
_9215027
651 0 _aNew England
_xCivilization.
_9215028
830 0 _aEveryman's library ;
_v645A.
_9215031
830 0 _aEveryman's library.
_9215032
942 _2ddc
_cBK
999 _c72691
_d72691